| 000 | 00423nam a2200157Ia 4500 | ||
|---|---|---|---|
| 005 | 20250122041829.0 | ||
| 008 | 240331s9999 xx 000 0 und d | ||
| 020 | _a9559518550 | ||
| 082 |
_bPOO _a920 |
||
| 100 | _aPoologasingham, P | ||
| 245 | 0 |
_aPoet Tambimuttu : _ba profile |
|
| 260 |
_aColombo _bP. Tambimuttu _c1993 |
||
| 300 | _a55 p ., | ||
| 500 | _aA Profile by Kalakeerthi Professor P. Poologasingham | ||
| 942 | _cL | ||
| 999 |
_c3446 _d3446 |
||